Every Song by Blur - Statistics

General Stats
  • This quiz has been taken 155 times
    141 since last reset
  • The average score is 58 of 133
Answer Stats
Album Song % Correct
Parklife(1994) Parklife
95%
Blur(1997) Song 2
91%
13(1999) Coffee & TV
86%
Blur(1997) Beetlebum
84%
Parklife(1994) Girls & Boys
84%
The Great Escape(1995) Country House
83%
The Great Escape(1995) Charmless Man
82%
The Great Escape(1995) The Universal
78%
Modern Life is Rubbish(1993) For Tomorrow
76%
Leisure(1991) There's No Other Way
76%
Leisure(1991) She's So High
73%
13(1999) Tender
71%
Midlife: A Beginner's Guide to Blur(2009) Popscene
67%
Parklife(1994) To the End
67%
Parklife(1994) Tracy Jacks
67%
Leisure(1991) Bang
65%
Parklife(1994) This is a Low
64%
Parklife(1994) End of a Century
63%
Leisure(1991) Sing
62%
Modern Life is Rubbish(1993) Sunday Sunday
62%
The Ballad of Darren(2023) The Narcissist
62%
13(1999) No Distance Left to Run
60%
The Great Escape(1995) Stereotypes
59%
Modern Life is Rubbish(1993) Chemical World
57%
Blur(1997) On Your Own
57%
Modern Life is Rubbish(1993) Blue Jeans
56%
Blur(1997) M.O.R.
56%
Parklife(1994) London Loves
54%
Modern Life is Rubbish(1993) Advert
53%
Parklife(1994) Lot 105
53%
Parklife(1994) Magic America
53%
The Ballad of Darren(2023) St Charles Square
53%
Parklife(1994) Bank Holiday
52%
13(1999) B.L.U.R.E.M.I.
52%
Blur(1997) Country Sad Ballad Man
52%
Think Tank(2003) Out of Time
52%
Blur(1997) Essex Dogs
51%
Leisure(1991) Birthday
50%
The Magic Whip(2015) Lonesome Street
50%
The Ballad of Darren(2023) The Ballad
50%
Parklife(1994) Badhead
48%
Think Tank(2003) Good Song
48%
Blur(1997) You're So Great
48%
Modern Life is Rubbish(1993) Colin Zeal
47%
Modern Life is Rubbish(1993) Miss America
47%
13(1999) Swamp Song
47%
Parklife(1994) The Debt Collector
47%
13(1999) Bugman
46%
13(1999) Caramel
46%
Think Tank(2003) Crazy Beat
46%
Blur(1997) Look Inside America
46%
Parklife(1994) Clover Over Dover
45%
Modern Life is Rubbish(1993) Oily Water
45%
13(1999) Trimm Trabb
45%
Modern Life is Rubbish(1993) Star-Shaped
44%
Modern Life is Rubbish(1993) Villa Rosie
44%
Blur(1997) Chinese Bombs
43%
The Magic Whip(2015) Go Out
43%
The Magic Whip(2015) Ong Ong
43%
The Great Escape(1995) Yuko and Hiro
43%
Leisure(1991) Bad Day
41%
The Ballad of Darren(2023) Barbaric
41%
Parklife(1994) Jubilee
41%
Leisure(1991) Wear Me Down
41%
13(1999) 1992
40%
Think Tank(2003) Ambulance
40%
The Great Escape(1995) He Thought of Cars
40%
Parklife(1994) Trouble in the Message Centre
40%
The Great Escape(1995) Dan Abnormal
39%
The Magic Whip(2015) Ghost Ship
39%
The Magic Whip(2015) I Broadcast
39%
Leisure(1991) Slow Down
39%
Think Tank(2003) Battery in Your Leg
38%
The Great Escape(1995) Best Days
38%
Blur(1997) Death of a Party
38%
Parklife(1994) Far Out
38%
Think Tank(2003) Jets
38%
Modern Life is Rubbish(1993) Pressure on Julian
38%
Leisure(1991) Repetition
38%
Modern Life is Rubbish(1993) Turn It Up
38%
The Great Escape(1995) Ernold Same
37%
The Great Escape(1995) Fade Away
37%
Leisure(1991) Fool
37%
The Magic Whip(2015) Ice Cream Man
37%
Blur: The Best Of(2000) Music is My Radar
37%
Blur(1997) Strange News from Another Star
37%
The Great Escape(1995) Top Man
37%
Leisure(1991) Come Together
36%
Blur(1997) I'm Just a Killer for Your Love
36%
Modern Life is Rubbish(1993) Intermission
36%
Blur(1997) Movin' On
36%
The Magic Whip(2015) My Terracotta Heart
36%
The Magic Whip(2015) There Are Too Many of Us
36%
Think Tank(2003) Gene by Gene
35%
13(1999) Mellow Song
35%
The Magic Whip(2015) Pyongyang
35%
Modern Life is Rubbish(1993) Resigned
35%
Think Tank(2003) Sweet Song
35%
Non-Album(2012) Under the Westway
35%
The Great Escape(1995) Entertain Me
34%
The Great Escape(1995) Globe Alone
34%
The Great Escape(1995) Mr. Robinson's Quango
34%
Think Tank(2003) Caravan
33%
Modern Life is Rubbish(1993) Commercial Break
33%
The Great Escape(1995) It Could Be You
33%
The Magic Whip(2015) Mirrorball
33%
Blur(1997) Theme from Retro
33%
The Magic Whip(2015) Thought I Was a Spaceman
33%
Leisure(1991) High Cool
32%
13(1999) Optigan 1
32%
13(1999) Battle
31%
Think Tank(2003) Brothers and Sisters
31%
Modern Life is Rubbish(1993) Coping
31%
Think Tank(2003) We've Got a File on You
31%
The Magic Whip(2015) New World Towers
30%
Think Tank(2003) On the Way to the Club
29%
The Ballad of Darren(2023) Russian Strings
28%
13(1999) Trailerpark
28%
The Ballad of Darren(2023) Far Away Island
22%
The Ballad of Darren(2023) Goodbye Albert
22%
The Ballad of Darren(2023) The Everglades (For Leonard)
22%
The Ballad of Darren(2023) The Rabbi
22%
The Ballad of Darren(2023) The Swan
22%
The Ballad of Darren(2023) Avalon
21%
Think Tank(2003) Moroccan Peoples Revolutionary Bowls Club
19%
The Ballad of Darren(2023) The Heights
17%
Non-Album(2012) The Puritan
16%
Think Tank(Hidden)(2003) Me, White Noise
15%
The Great Escape(Bonus)(1995) Ultranol
14%
The Great Escape(Bonus)(1995) No Monsters in Me
13%
The Magic Whip(Bonus)(2015) Y'all Doomed
7%
Non-Album(2002) Don't Bomb When You're the Bomb
6%
Non-Album(1992) The Wassailing Song
4%
No matching quizzes found
Score Distribution
Percent of People with Each Score
Percentile by Number Answered
Your Score History
You have not taken this quiz since the last reset